Estadísticas para Formas de país en el mapa mundial #3

Haz click aquí para intentar la prueba.

Estadísticas generales

  • Esta prueba ha sido intentada 70 veces
  • La puntuación promedio es 18 de 20

Respuestas en el mapa

Las respuestas están codificadas por una escala verde-roja en el mapa de la prueba según el % correcto abajo.
 

Estadísticas de respuestas

país% Correcto
Brasil
100%
Chile
100%
Madagascar
98%
Arabia Saudita
95%
Australia
95%
Namibia
91%
Noruega
91%
Irlanda
89%
Italia
89%
Portugal
89%
Turquía
89%
Nicaragua
86%
Senegal
86%
Túnez
86%
Camboya
84%
Camerún
84%
Kazajistán
84%
Tanzania
84%
Nepal
80%
Bielorrusia
75%

Distribución de puntuación

Porcentaje por número respondido

Porcentaje de gente con cada puntuación

Historial de tus puntuaciones

No has intentado esta prueba.